000 00698nam a2200253Ia 4500
003 OSt
005 20220918223156.0
006 a|||||r|||| 00| 0
007 ta
008 220917b |||||||| |||| 00| 0 eng d
024 _a220,874
037 _cTextual
040 _aARTS
_cARTS
_beng
041 _2eng
_aeng
082 _aO111,3N54, M2
100 _aIshiguro Kazuo
_918815
245 0 _aPale view of hills
260 _aNew York
_bVintage International
_c1982
300 _a183p.
_ccm.
500 _a1st vintage international edition,September 1990
650 _aENGLISH LITERATURE
942 _hO111,3N54, M2
_cTEXL
_2CC
999 _c277673
_d277673